000 00313nam a2200121 a 4500
005 20140414132111.0
008 110513s19uu xx 00 eng d
050 _aTR
_bL85 2007
100 _aBaguley, Elizabeth.
245 _aA long way from home.
260 _aNew York :
_bScholastic ,
_c2007.
999 _c114742
_d114742